000 00671nam a2200217 i 4500
001 42821
003 ES-MaACL
005 20250911062639.0
007 t|
008 030314s1957 sp ||||1| spa d
080 _a821.134.2-32"19"
100 1 _aCela, Camilo José,
_d1916-2002
_937336
245 1 0 _aNuevo retablo de Don Cristobita :
_binvenciones, figuraciones y alucinaciones /
_cCamilo José Cela.
250 _a1ª ed.
260 _aBarcelona :
_bDestino,
_c1957 (
_fAgustín Núñez)
300 _a302 p. ;
_c19 cm.
490 1 _aÁncora y delfín ;
_v130
830 1 0 _aÁncora y Delfín
_v130
_9151298
852 4 _aES-MaACL
_jC-12574
999 _c42821
_d42821